000 01339nam0a2200361 4500
001 RU\NLR\bibl\941507
005 20250614194907.0
010 _a5-98356-020-4
_91100
021 _aRU
_b2006-17774
_9886
035 _a(NLR Aleph) 000929681
090 _a151902
_c151902
100 _a20060502d2005 |||y0rusy50 ca
101 0 _arus
_atat
102 _aRU
105 _aa |||||||||
200 1 _aНародный костюм татар-кряшен
_fР. Г. Мухамедова
_gМ-во культуры Респ. Татарстан, Гос. центр тат. фольклора
210 _aКазань
_cСлово
_d2005
215 _a159 с.
_cцв. ил.
_d25
300 _aПарал. тит. л. на тат. яз.
300 _aТекст. парал. на рус. и тат. яз.
320 _aБиблиогр.в примеч.: с. 54 (31 назв.)
606 1 _aКостюм татарский
_91482834
_3RU\NLR\auth\66632608
686 _aЩ163(2Р=Тат)0
686 _aТ52(235=Т)-426
700 1 _aМухамедова
_bР. Г.
_f1923-
_gРамзия Гиниатовна
_4070
801 0 _aRU
_bNLR
_c20060502
_grcr
801 1 _aRU
_bNLR
_c20060502
830 _aавт. по кн.
852 _aNLR
_bОНЛ
_jТатар./4-1161
942 _cBOOK
980 _aNB